Statistics for Nationalities of Premier League Managers (All-time)

Click here to take the quiz!

General Stats

  • This quiz has been taken 67 times
  • The average score is 22 of 27

Answer Stats

#Country% Correct
131England
100%
7Ireland
98%
6Portugal
98%
37Scotland
98%
14Italy
97%
15Spain
97%
3United States
97%
8France
95%
9Netherlands
95%
1Brazil
93%
6Germany
93%
12Wales
93%
4Argentina
90%
1Australia
90%
3Sweden
90%
2Denmark
88%
2Norway
88%
2Austria
86%
1Belgium
86%
7Northern Ireland
83%
1Switzerland
78%
2Croatia
74%
1Serbia
66%
1Chile
64%
1Uruguay
55%
1Israel
28%
1Jamaica
22%

Score Distribution

Percentile by Number Answered

Percent of People with Each Score

Your Score History

You have not taken this quiz